Nešidí nás dodavatel? maloobchodní informační systém pod drobnohledem
Ďalšia časť série článkov o informačných systémoch v maloobchode je o ich využití pri kontrole fakturácie od dodavateľa. Porovnávanie dokladov a faktúr. Párovanie faktúr nie je bez problémov. Kontrola i špeciálnych podmienok s dodavateľom pri párovaní faktúr. Možnosť opravy chýb.
Saved in:
| Main Author: | |
|---|---|
| Format: | Book Chapter |
| Language: | Czech |
| Subjects: | |
| Tags: |
No Tags, Be the first to tag this record!
|
MARC
| LEADER | 00000naa a2200000 4500 | ||
|---|---|---|---|
| 001 | r044239 | ||
| 005 | 20230522104705.0 | ||
| 041 | 0 | |a cze | |
| 044 | |a CZ | ||
| 245 | 1 | 0 | |a Nešidí nás dodavatel? |b maloobchodní informační systém pod drobnohledem |c Jan Frouz |
| 520 | |a Ďalšia časť série článkov o informačných systémoch v maloobchode je o ich využití pri kontrole fakturácie od dodavateľa. Porovnávanie dokladov a faktúr. Párovanie faktúr nie je bez problémov. Kontrola i špeciálnych podmienok s dodavateľom pri párovaní faktúr. Možnosť opravy chýb. | ||
| 610 | 2 | 0 | |a maloobchod |
| 610 | 2 | 0 | |a systémy informačné |
| 610 | 2 | 0 | |a dodávatelia |
| 610 | 2 | 0 | |a faktúry |
| 610 | 2 | 0 | |a podmienky dodacie |
| 610 | 2 | 0 | |a kontrola administratívna |
| 100 | 1 | |a Frouz, Jan | |